<?xml version="1.0" encoding="UTF-8"?>
<marc:record xmlns:marc="http://www.loc.gov/MARC21/slim">
   <marc:leader>00000nam a2200000 a 4500</marc:leader>
   <marc:datafield ind1="0" ind2="0" tag="245">
      <marc:subfield code="a">Die Bewegungs-Bären [Spiel]</marc:subfield>
   </marc:datafield>
   <marc:datafield ind1=" " ind2="1" tag="264">
      <marc:subfield code="b">Ravensburger Ravensburg</marc:subfield>
   </marc:datafield>
   <marc:datafield ind1="1" ind2=" " tag="520">
      <marc:subfield code="a">Hier kommt Bewegung ins Spiel! Die Bären-Bande tobt durch den Wald. Fliegen wie ein Flugzeug, balancieren wie eine Seiltänzerin und hüpfen wie ein Hase: Gemeinsam stellen die Bären-Kinder verschiedene Begriffe durch Bewegung dar. Errät der Bären-Häuptling, was ihm die anderen vorspielen? Für jeden erratenen Begriff kommt die Bären-Bande der sicheren Höhle einen Schritt näher. Schaffen es alle gemeinsam die Höhle vor dem Wintereinbruch zu erreichen?</marc:subfield>
   </marc:datafield>
   <marc:datafield ind1="3" ind2=" " tag="024">
      <marc:subfield code="a">4005556205684</marc:subfield>
   </marc:datafield>
   <marc:datafield ind1=" " ind2=" " tag="500">
      <marc:subfield code="a">1 Spielplan, 1 Bären-Haarreif mit Ohren u. Kartenhalter, 1 Tipp-Chip (gelber Ring),  2 Übersicht-Tafeln, 2 Spielfiguren m. Aufstellfuß (1 Bärenfigur, 1 Schneeflockenfigur), 36 Spielkarten (24 Bewegungs- u. 12 Schneeflockenkarten), Spielanleitung</marc:subfield>
   </marc:datafield>
   <marc:datafield ind1="0" ind2=" " tag="490">
      <marc:subfield code="v">0</marc:subfield>
   </marc:datafield>
</marc:record>
